Number of Verses in Each Chapter of Genesis - Statistics

General Stats
  • This quiz has been taken 29 times
  • The average score is 26 of 50
Answer Stats
Chapter Verses % Correct
3 24
100%
2 25
100%
4 26
100%
1 31
100%
16 16
67%
13 18
67%
20 18
67%
12 20
67%
23 20
67%
15 21
67%
6 22
67%
8 22
67%
7 24
67%
14 24
67%
22 24
67%
17 27
67%
9 29
67%
5 32
67%
10 32
67%
11 32
67%
18 33
67%
21 34
67%
25 34
67%
19 38
67%
24 67
67%
33 20
33%
28 22
33%
48 22
33%
39 23
33%
40 23
33%
50 26
33%
45 28
33%
35 29
33%
38 30
33%
34 31
33%
47 31
33%
32 32
33%
49 33
33%
43 34
33%
44 34
33%
46 34
33%
26 35
33%
29 35
33%
37 36
33%
42 38
33%
30 43
33%
36 43
33%
27 46
33%
31 55
33%
41 57
33%
No matching quizzes found
Score Distribution
Percent of People with Each Score
Percentile by Number Answered
Your Score History
You have not taken this quiz